1533 1129 1622 1010 1640 1764 1347 1920 1107 1401 1529 1413 1811 1700 1415 1497 1703 1897 1710 1274 1306 1537 1050 1857 1102 1536 1307 1060 1229 1759 1186 1592 1882 1214 1396 1941 1528 1356 1934 1736 1469 1668 1221 1893 1489 1093 1906 1565 1174 1378 1268 1273 1796 1374 1841 1765 1382 1084 1160 1052 1628 1324 1833 1322 1668 1578 1017 1731 1480 1542 1214 1630 1738 1199 1693 1548 1399 1855 1760 1238 1877 1363 1667 1708 1198 1468 1556 1009 1813 1192 1461 1827 1611 1091 1859 1799 1144 1629 1255 BCNSPRNW ULIB Ver.6.0+V

เปลี่ยนเป็นภาษาไทย

Change to English
 แสดงรายละเอียดบรรณานุกรม
  กลับหน้าหลัก

Brief Record : Get Marc (ISO 2709) : E-mail record : QR code < ปิดหน้าต่าง
LEADER : 00000nam 2200000uu 4500
001    13399111233
003     ULIB
008    110621s2552||||th 000 0 tha d
020    9789740325758
050  4 LB1028^bก514 2552
245 00 การวิจัยทางการศึกษา :^bหลักและวิธีการสำหรับนักวิจัย /^cไพฑูรย์ สินลารัตน์, สำลี ทองทิว, บรรณาธิการ
250    พิมพ์ครั้งที่ 6
260    กรุงเทพฯ :^bสำนักพิมพ์แห่งจุฬาลงกรณ์มหาวิทยาลัย,^c2552
300    (6), 412 หน้า :^bภาพประกอบ ;^c21 ซม.
650  7 การศึกษา^xวิจัย
650  7 การพัฒนาการศึกษา
650  7 การวิจัย
700 0  ไพฑูรย์ สินลารัตน์,^eบรรณาธิการ
700 0  สำลี ทองทิว,^eบรรณาธิการ
945    ^p220^l0^i18124
995    กัณชพร
999    ^aใช้งานได้ทุกระบบ
รายการนี้ยังไม่มีแท็ก
คุณยังไม่ได้ล็อกอิน คุณสามารถมีกิจกรรมร่วมกับเว็บไซต์ได้ แต่ต้องล็อกอินก่อน ::
  ล็อกอิน

รายการสื่อสารสนเทศ

ลำดับที่ ประเภท เลขเรียก/บาร์โค้ด สถานที่ สถานะ
- ไม่พบข้อมูล -

รายการใกล้เคียง
    หัวเรื่อง [การพัฒนาการศึกษา]
    หัวเรื่อง [การวิจัย]

BibComment


ยังไม่เคยถูกคอมเมนท์

คอมเมนท์ทรัพยากรรายการนี้
  คอมเมนท์: การวิจัยทางการศึก..


 Copyright 2026. Bcnsprnw @Library